| 000 | 00936cam a22002773a 4500 | ||
|---|---|---|---|
| 001 | 31994 | ||
| 003 | PGUSA | ||
| 005 | 20140828083707.0 | ||
| 008 | 100415s2010||||xxu|||||s|||||000 | eng d | ||
| 040 |
_aPGUSA _beng |
||
| 042 | _adc | ||
| 050 | 4 | _aF850.5 | |
| 100 | 1 |
_aAllen, G. F. _q(Grenville F.) |
|
| 245 | 1 | 4 |
_aThe Forests of Mount Rainier National Park _h[electronic resource] / _cG. F. Allen |
| 260 |
_bProject Gutenberg, _c2010 |
||
| 506 | _aPublic domain in the USA. | ||
| 516 | _aElectronic text | ||
| 653 | _aMount Rainier National Park (Wash.) | ||
| 653 | _aTrees -- Washington (State) -- Mount Rainier National Park | ||
| 653 | _aForests and forestry -- Washington (State) -- Mount Rainier National Park | ||
| 700 | 1 | _aUnited States. Department of the Interior | |
| 700 | 1 | _aUnited States. Forest Service | |
| 830 | 0 |
_aProject Gutenberg _v31994 |
|
| 856 | 4 | 0 | _uhttp://www.gutenberg.org/ebooks/31994 |
| 942 | _cEB | ||
| 999 |
_c261249 _d261249 |
||